Lectures to my students. (Record no. 11548)

000 -LEADER
fixed length control field 00584nam a2200193 a 4500
001 - CONTROL NUMBER
control field :::00009347$&:&@@
003 - CONTROL NUMBER IDENTIFIER
control field OkBaRHE
005 - DATE AND TIME OF LATEST TRANSACTION
control field 20010411094322.0
008 - FIXED-LENGTH DATA ELEMENTS--GENERAL INFORMATION
fixed length control field s1954 j 000 0 eng u
040 ## - CATALOGING SOURCE
Transcribing agency
100 1# - MAIN ENTRY--PERSONAL NAME
Personal name Spurgeon, Charles Haddon, 1834-1892.
245 10 - TITLE STATEMENT
Title Lectures to my students.
260 ## - PUBLICATION, DISTRIBUTION, ETC. (IMPRINT)
Place of publication, distribution, etc Grand Rapids, MI., :
Name of publisher, distributor, etc Zondervan Publishing House
Date of publication, distribution, etc c1954
300 ## - PHYSICAL DESCRIPTION
Extent 443 p. ;
Dimensions 23 cm.
650 ## - SUBJECT ADDED ENTRY--TOPICAL TERM
Topical term or geographic name as entry element Preaching
650 ## - SUBJECT ADDED ENTRY--TOPICAL TERM
Topical term or geographic name as entry element Sermons
942 ## - ADDED ENTRY ELEMENTS (KOHA)
Source of classification or shelving scheme
Koha item type Books
Copies
Full call number Shelving location Not for loan Price effective from Koha item type Barcode Copy number Source of classification or shelving scheme Damaged status Lost status Date last seen Date acquired Withdrawn status Permanent Location
BV 4211 .S688General Stacks 2010-04-14Books93471   2010-04-142010-04-14 RHEMA Bible Training College